Statistics for Category Elimination - U.S. States #2

Click here to take the quiz!

General Stats

  • This quiz has been taken 26,964 times
  • The average score is 12 of 16

Answer Stats

Group#Category% Correct
Green40States with one word
100%
Green31... which were not confederate states
99%
Yellow25States in the West or Midwest Census Region
93%
Yellow20... which don't border an ocean
93%
Green6... with a land area less than 30,000 mi²
92%
Blue30States with at least 8 letters
92%
Blue20... not included in the Louisiana Purchase
90%
Yellow7... contain the letter S
88%
Pink19States whose first two letters is their 2-letter
state code
82%
Green1... and share a land border with another countryVermont
73%
Blue5... with more than 500 people per mi²
68%
Pink9... whose Capital is their largest city
64%
Pink4... with a maximum elevation over 2,500m
53%
Yellow1... and have more than 8 million peopleIllinois
51%
Pink1... and whose Capital has more than one wordUtah
27%
Blue1... and is not in the Northeast Census RegionMaryland
22%

Score Distribution

Percentile by Number Answered

Percent of People with Each Score

Your Score History

You have not taken this quiz